| 000 | 00968naa a22001811i 4500 | ||
|---|---|---|---|
| 003 | KOSZ 005 | ||
| 005 | 20180427115602.0 | ||
| 008 | 170621s2003 pol||||f |||| 10| 0 pol d | ||
| 040 | _cKOSZ 005/ac | ||
| 080 | _a621.38 | ||
| 100 | 1 |
_aSŁOWIK, Adam. _d2005 - . _bPolitechnika Koszalińska - Wydział Elektroniki i Informatyki, _cKatedra Inżynierii Komputerowej |
|
| 245 | 1 | 0 |
_aMożliwości projektowania układów elektronicznych przy zastosowaniu programowania genetycznego / _cAdam Słowik. |
| 650 | 4 | _aUkłady elektroniczne. | |
| 655 | 4 | _aMateriały konferencyjne. | |
| 711 | 2 | 2 |
_aKrajowa Konferencja Elektroniki i Telekomunikacji Studentów i Młodych Pracowników Nauki _n(1 ; _d2003.10 ; _cKoszalin, Polska). |
| 773 |
_iW : _tXXI Wiek z Erą Elektroniki i Teleinformatyki : I Krajowa Konferencja Naukowa Studentów i Młodych Pracowników Nauki. - _dKoszalin : Wydaw. Uczelniane Politechniki Koszalińskiej, 2003. - _gs. 40 |
||
| 942 |
_cROZ _2UKD |
||
| 999 |
_c8497 _d8497 |
||